[Event "Match 69_120'/40"]
[Site "Zürich"]
[Date "2022.??.??"]
[Round "5"]
[White "Excel Mach III 68000"]
[Black "Mephisto Almeria 68000"]
[Result "1-0"]
[WhiteElo "2021"]
[BlackElo "2079"]
[Annotator "KUT"]
[PlyCount "140"]
[EventDate "2022.??.??"]

{[%evp 0,140,19,38,25,17,10,8,19,-6,0,9,15,-8,-9,-4,-2,-13,-5,-5,8,0,7,-7,23,
-12,-3,5,8,13,79,53,53,48,56,77,80,49,68,57,42,56,59,24,19,0,19,0,0,-27,-48,
-81,-56,-59,-64,-52,-46,-56,-40,-40,-25,-36,-41,-38,0,-51,-6,-6,-17,-17,0,-17,
-23,-26,-6,-5,-6,-6,0,-15,0,0,0,0,11,-51,-54,-62,68,-68,-70,-75,0,26,23,16,-9,
-9,-9,0,59,84,84,79,75,75,87,0,134,102,102,103,76,103,119,117,608,127,180,189,
249,228,467,500,504,548,988,710,892,1163,1192,929,938,951,951,962,975,998,1047,
1054,1096,1169,1182]} 1. e4 e5 {Match 120'/40 | Bediener: Rolf Bühler | 5.
Partie: Weiss (Mach III) gewinnt | Zwischenstand: 3,0-2,0 (60%) für Mephisto
Almeria 68000 | Aus einem strategisch positionell feinen Kampf entwickelt sich
nach anfänglicher Ruhe ein hoch explosives Gemisch, bei dem die beiden
Kontrahenten über lange Zeit ausserstande sind, den Durchblick zu haben. Und
hier zeigt sich schliesslich, dass der Mach III 68000 im Dschungel der
taktischen Möglichkeiten besser agiert. Und so geht er in dieser auf Biegen
und Brechen ausgefochtenen Partie als Sieger vom Platz.} 2. Nf3 Nc6 3. Bb5 a6
4. Ba4 Nf6 5. O-O Be7 6. Re1 b5 7. Bb3 O-O 8. c3 d6 9. h3 Na5 10. Bc2 c5 11. d4
Nd7 {Schwarz wählt die Keres-Verteidigung im Tschigorin-System der Spanischen
Eröffnung. Leonard Barden in "Die Spanische Partie" bemerkt dazu: "Schwarz
plant weniger die Bollwerksverteidigung des e5-Bauern mit ...Lf6, ...g6 und ...
Te8, als die Vorbereitung eines doppelten Abtausches auf d4, um dann die lange
Schräge mit seinem Königsläufer zu besetzen und seinen Königsspringer auf
e5 oder c5 aktiv einzusetzen."} 12. Nbd2 {Neben 12.d5 und 12.a4 am üblichsten.
} cxd4 13. cxd4 Nc6 14. Nb3 Bf6 {Weitaus üblicher ist 14...a5, was nach wie
vor als die Hauptvariante angesehen wird.} 15. d5 {***ENDE BUCH***} Na5 {
***ENDE BUCH***} 16. Nxa5 Qxa5 {[#] Weiss steht etwas aussichtsreicher.
Schwarz hat seine grundsätzliche Idee ...exd4 nebst ...Lf6 mit Druck auf der
schönen Schräge nicht realisieren können. Das geschlossene Zentrum gewährt
Weiss etwas Raumvorteil. Eine neutralisierende Wirkung kann die offene c-Linie
haben, wenn es dort zu einem Massentausch der Türme kommt. Der b5-Bauer
animiert Weiss oftmals zu a2-a4. Der strategisch fundierte Vorstoss ...f5
erfordert gute Vorbereitung mit der Gefahr, die eigene Königsstellung zu
schwächen. Kurzum, es steht ein schwieriger Kampf bevor.} 17. Bd2 Qd8 18. Re3
{"Dschungelschach" à la Fidelity. Vielversprechender sehen 18.Le3 oder 18.a4
aus.} Be7 19. Rc1 {Jetzt wird die Idee von Te3 ersichtlich: Weiss will schnell
zur Verdopplung der Türme auf der c-LInie kommen.} f5 $2 {Diesen
zweischneidigen oder besser gesagt, zweifelhaften Vorstoss hätte ich dem
Mephisto Almeria 68000 nie zugetraut.} ({Sowohl} 19... Nb6 {als auch}) (19...
Nf6 {hinterlassen einen verlässlicheren Eindruck.}) 20. exf5 {Nun fällt das
starke Zentralfeld e4 in weisse Hand.} Bb7 21. Bb4 $6 {Ein absolut nutzloses
Manöver, muss doch der Läufer nach der folgenden Antwort wieder zurück.} a5
22. Be1 {Ein bescheidener Rückzug. Möglich war indessen auch 22.Ld2, weil 22.
..Lxd5? mit 23.Lxa5! bestraft würde.} (22. Bd2 Bxd5 $2 23. Bxa5 Qxa5 24. Qxd5+
{weisser Mehrbauer}) 22... Qb6 23. a3 Rac8 24. b4 a4 25. Bc3 {Innert weniger
Züge hat Weiss seinen Vorteil verspielt.} Nf6 26. Be4 $6 {Der Läufer müsste
nach b1 zurück.} Nxe4 27. Rxe4 Rxf5 $15 {Das materielle Gleichgewicht ist
wieder hergestellt. Verschwunden ist das weisse Läuferpaar und dem d5-Bauer
fehlt eine gleichartige Stütze. Mit der halboffenen f-Linie und dem
Läuferpaar steht nun gar Schwarz eine Spur besser.} 28. Qd3 Bg5 29. Rce1 Bf4
30. Bd2 {Ein gutes Tauschangebot, denn sein dunkelfarbiger Läufer ist für
Weiss eher eine Bürde.} Bxd2 31. Qxd2 Rf7 $6 {Kein empfehlenswerter Rückzug,
denn nun könnte Weiss mit 32.Sg5 in Vorteil gelangen. Deshalb wäre 31...h6
gut gewesen.} 32. Qd3 $6 {Selbst die kleinsten Chancen sollte man ich Schach
nutzen, hier mit 32.Sg5 und der Springer kann sich entscheiden, auf welch
schönem Platz, e6 oder e4, er sich einnisten will.} (32. Ng5 Rf6 (32... Rf5
33. Ne6 $16) 33. Rg4 Rc7 34. Ne4 Rf8 35. Rg3 $14 {leichter Vorteil für Weiss})
32... Rfc7 {Das sieht doch auch nicht übel aus diese totale Kontrolle über
die offene c-Linie.} 33. R4e3 g6 (33... Rc3 34. Qf5 Bxd5 35. Nxe5 dxe5 36. Qxe5
Rxe3 37. Qxd5+ Qe6 38. Qxe6+ Rxe6 39. Rxe6 {und auch wenn der weisse Mehrbauer
objektiv nicht zum Gewinn genügen sollte, kann dieses Abspiel für Schwarz
nicht attraktiv sein.}) (33... h6 {um Sg5 zu verhindern, verliert nach} 34. Qg6
Bxd5 35. Nxe5 Rc1 36. Rxc1 Rxc1+ 37. Kh2 Qc7 38. Ng4 {nebst Matt in 6 Zügen})
34. Ng5 Rc3 35. Qd1 R3c4 {Die beste Verteidigung.} 36. Ne6 Qa7 37. Qd2 Re8 38.
Ng5 Qb6 39. Qd1 Rd4 40. Rd3 Rf4 (40... Rxd3 41. Qxd3 Rf8 42. Ne4 Kg7 {ist auf
dem Niveau unserer Oldies eine brauchbare Alternative.}) 41. Rde3 Rf5 {MIt ...
Td4 hätte Schwarz einen Versuch mit Zugwiederholung machen könnten.} 42. Nf3
$2 {Schwach in dem Sinne, dass dieser Springer natürlich auf das starke Feld
e4 gehört.} Rc8 43. Qd2 Qc7 44. Rd1 Qc4 45. Kh2 e4 {Erstaunlich, dass selbst
der Almeria 68000 nicht stillhalten kann. Objektiv ist der Bauernvorstoss
nicht zu tadeln, welcher der Partie jedoch neues Leben einhaucht.} 46. Nd4 Re5
(46... Rxd5 47. Rxe4 Re5 48. Rg4 Rf8 49. f4 $16 {und Weiss steht spürbar
besser}) 47. f4 exf3 48. Rxe5 dxe5 49. Nxf3 {Nach Ende des Scharmützels steht
es wieder ausgeglichen. Beide Freibauern im Zentrum sind ebenbürtig schwach.}
e4 $2 {Damit kommt der Mephisto Almeria 68000 vom richtigen Weg ab. Nach 49...
Td8 hätte Schwarz nichts zu fürchten.} (49... Rd8 50. d6 (50. Nxe5 Qxd5 51.
Qxd5+ Rxd5 52. Rxd5 Bxd5 $11) 50... Bxf3 51. gxf3 Qf4+ 52. Kg2 Qxd2+ 53. Rxd2
Kf7 54. Rd5 Ke6 55. Rxb5 Rxd6 56. Ra5 Rd2+ 57. Kg3 (57. Kg1 Rd3 58. Rxa4 Rxf3
$11) 57... Rd3 58. Rxa4 e4 $11) 50. Ng5 $18 h6 {Es gibt keine Rettung mehr.} (
50... Rd8 51. Ne6 Rxd5 52. Qf4 $1 {mit Mattangriff}) 51. Ne6 e3 52. Qxe3 Bxd5
53. Nd4 $2 {Der Mach III vermasselt den Gewinn. Allerdings ist anzuerkennen,
dass die von mir gezeigte mögliche Variante von beiden Kämpfen nicht zu
finden ist, fehlt es doch dazu gewaltig an Rechenpower.} (53. Nc5 $1 Bf7 (53...
g5 54. Qe5 Bf7 55. Rd4 Re8 (55... Qc2 56. Ne4 $1 $18) 56. Qd6 Qf1 57. Qxh6 Qf5
58. Rg4 $18) (53... h5 54. Qh6 $18) 54. Qxh6 Qe2 55. Nd7 Qe7 56. Qf4 $1 Kg7 57.
Qd4+ Kg8 58. Nf6+ Kf8 59. Ng4 $1 Kg8 60. Qf4 Qc7 61. Nf6+ Kg7 62. Rd6 Rd8 63.
Qe5 Kh6 64. Ne4 Re8 (64... Rxd6 65. Qh8#) 65. Qf4+ Kg7 66. Rxg6+ Kxg6 67. Qxc7
Rxe4 68. Qc6+ Re6 69. Qxb5 $18 {weisse Gewinnstellung}) 53... Kh7 $2 {Der
Almeria 68000 findet die ausgleichende Variante mit 53...Dc7+ nicht.} 54. Qe7+
$2 {Aber auch der Mach III begnügt sich, statt 54.De5!, mit einer
zweitklassigen Fortsetzung.} Kg8 $2 {Richtig war der Läuferrückzug nach f7.}
55. Qd7 $6 {Viel besser 55.Td2, was einmal Td2-f2 ermöglicht.} Rf8 56. Rd2 {
Auch 56.Dxb5 bietet kaum Gewinnchancen.} (56. Qxb5 Rf2 57. Qxc4 Bxc4 58. Rc1
Bd3 59. Kg3 Ra2 60. Kf4 Rxa3 61. b5 Ra2 62. Rc8+ Kf7 63. b6 Rb2) 56... Rf1 $2 {
In 56...Lf7 hatte Schwarz eine genügende Verteidigung, während das
Turmmanöver nach f1 nicht gut ist.} 57. Qd6 $6 ({Mit} 57. Qe8+ Kh7 58. Qe5 {
hätte Weiss den Gewinnpfad nehmen können.}) 57... Kh7 $2 {Stolpert wieder in
die Verlustzone und übersieht 57...Lf7 als beste Verteidigung.} 58. Nxb5 $2 {
Erstaunlich wie enttäuschend zugleich, dass der Mach III den einfachen Gewinn
mit 56.Tc2 nebst Eindringen des Turms auf der 7. Reihe nicht bemerkt. Eine
Prüfung unter CB-Emu ergibt, dass das Programm von Kathe & Dan Spracklen sehr
lange nur 58.Sxb5 mit einer Bewertung von +0.93 erwägt und erst nach 22m49s,
bei Suchtiefe 20/7 (ST 7, Ast 20) Bewertung +5.05, den Gewinnzug 58.Tc2
erkennt und als Hauptvariante betrachtet.} (58. Rc2 Qxd4 59. Rc7+ Qg7 60. Rxg7+
Kxg7 61. Qxd5 $18) 58... Bf7 $2 {Aber ebenso wundert man sich, dass der
Almeria 68000 die beste Verteidigung mit 58...Th1+ nicht erkennt.} (58... Rh1+
59. Kxh1 Qc1+ 60. Kh2 Qxd2) 59. Nd4 $18 {Das läutet den Untergang für den
Gegner ein ... und dieses Mal gibt sich der Mach III keine Blösse mehr.} Ra1
60. b5 Kg8 61. b6 Rb1 62. Qf6 {Auch die früher erwähnte Gewinnmethode, den
tödlichen Angriff mit Tc2 über die c-Linie zu führen, war hier und später
angebracht.} Re1 63. Nc6 Re6 64. Rd8+ Be8 65. Ne5 Rxf6 {Erzwungen, ansonsten
Schwarz mattgesetzt wird.} (65... Qb3 66. Qf7+ Kh8 67. Rxe8+ Rxe8 68. Nxg6#)
66. Rxe8+ Kg7 67. Nxc4 Rf7 68. Nd6 Rd7 69. b7 Rxb7 70. Nxb7 h5 {
***AUFGEGEBEN***} 1-0

[Event "Match 69_120'/40"]
[Site "Zürich"]
[Date "2022.??.??"]
[Round "6"]
[White "Mephisto Almeria 68000"]
[Black "Excel Mach III 68000"]
[Result "0-1"]
[WhiteElo "2079"]
[BlackElo "2021"]
[Annotator "KUT"]
[PlyCount "107"]
[EventDate "2022.??.??"]

1. e4 c5 {Match 120'/40 | Bediener: Rolf Bühler | 6. Partie: Schwarz (Mach
III) gewinnt | Zwischenstand: 3,0-3,0 (50%) für beide | Die ausgeglichene
Eröffnung mündet nach Damentausch bereits nach 18 Zügen in ein Endspiel mit
gleichen Chancen. Und das erste Mal in diesem Match erleben wir, dass es nicht
der Almeria 68000 ist, der bestimmt, wo es lang geht. Das Lang-Programm lässt
sich auf der c-Linie freiwillig einen isolierten Bauern anhängen. Diese
Schwäche, die kompakte Bauernmehrheit von Schwarz im Zentrum und am
Königsflügel sowie die Überlegenheit des Läufers über den Springer,
genügen dem Excel Mach III 68000, einen überraschenden Sieg im Endspiel zu
holen. Damit hat das Programm von Kathe & Dan Spracklen mit seinem Gegner
gleichgezogen.} 2. Nf3 d6 3. d4 cxd4 4. Qxd4 {Das ist die sogenannte
Chekhover-Variante im Sizilianisch, benannt nach dem russischen
Studienkomponisten und IM Vitaly Chekhover (22.12.1908-11.2.1995).} Nc6 (4...
a6 {verhindert ein Schach auf b5 und erlaubt einen echten Tempogewinn mit
nachfolgend ...Sc6 und Angriff au die weisse Dame.}) 5. Bb5 {***ENDE BUCH***}
Qd7 {***ENDE BUCH***} (5... Bd7 $11 {ist die meistgespielte Antwort}) 6. Qe3 {
Andere übliche Fortsetzungen gegen den etwas skurril anmutenden Lieblingszug
5...Dd7 von GM Sergei Tiviakov sind 6.Lxc6 und 6.Dd3. Wer mit Weiss die
Chekhover-Variante spielt, der will vor allem der grossen Theorie ausweichen,
ohne auf Eröffnungsvorteil zu hoffen.} a6 7. Bc4 {Da dieser Rückzug den
vielleicht so oder so geplanten Vorstoss ...b7-b5 mit Tempogewinn
herausfordert, hinterlassen 7.Le2 oder 7.Ld3 einen zweckmässigeren Eindruck.}
Nf6 8. O-O Ng4 $6 {Ein typischer Fidelity-Zug: Wir Schweizer sagen dazu, er
"guuselt" herum. Denn auf g4 steht der Springer schlechter als auf f6, wird
bald wieder zurück müssen, und die auch nicht optimal stehende weisse Dame
auf e3 darf freiwillig einen anderen Platz suchen.} 9. Qb6 $6 {Aber auch der
Mephisto Almeria 68000 trifft keine optimale Wahl. Auf b6 steht die Dame im
Hinblick auf einmal ...Lf8-e7-d8, Db4 erzwungen, ...Sa5 nebst ...Sxc4 wenig
günstig. Die Dame hätte nach e2 gehen sollen.} e6 10. Nc3 Be7 11. h3 Bd8 {
Und schon muss die Dame verschwinden.} 12. Qb3 {Sie hat nur dieses Feld.} Na5 {
Durch diesen Doppelangriff auf Db3 und Lc4 wird der schöne Läufer auf c4 das
Leben verlieren.} 13. Qb4 Nxc4 14. Qxc4 b5 15. Qb4 {Erneut hat der Almeria
16bit kein gutes Händchen für den besten Platz der Dame auf e2, d3 oder b3.}
Nf6 16. Bg5 {Ein planloser Entwicklungszug, der zwar nichts verdirbt. Eher in
Frage kamen 16.a4 oder 16.Lf4.} a5 {Einleitung zum Damentausch in ein
ausgeglichenes Endspiel.} 17. Qxb5 Qxb5 18. Nxb5 Nxe4 {Schwarz hält sich am
Zentrumsbauer schadlos.} 19. Bxd8 Kxd8 {[#]Ein Endspiel mit gleichen Chancen
für beide Spieler steht auf dem Brett. Weiss hat die Bauernmehrheit am
Damenflügel, Schwarz eine solche Mehrheit im Zentrum. Es handelt sich
indessen um eine ruhige Position. Da hat sich Rolf angesichts der bekannten
Endspielstärke des Mephisto Almeria 68000 doch Sorgen um den im Rückstand
liegenden Fidelity Excel Mach III 68000 gemacht.} 20. Rfe1 Bb7 21. Rad1 Ke7 22.
Nfd4 d5 23. f3 Nd6 24. Nxd6 Kxd6 25. b3 {Für mich ist 25.c4 die logische
Fortsetzung.} Rac8 26. c4 {Weiss besinnt sich also doch noch.} Rhd8 27. cxd5
Bxd5 {Hier darf man nun wohl von einem mikroskopischen Vorteil für Schwarz
ausgehen, weil der Läufer dem Springer mit Bauern auf beiden Flügeln
überlegen ist und alle weissen Bauern auf der Farbe des gegnerischen Läufers
stehen.} 28. Rc1 Bb7 29. h4 g6 30. Kf2 e5 31. Nb5+ Ke6 {[#]} 32. Rc4 $2 {
Dieses anti-positionelle Manöver, das zu einem isolierten Bauern führt,
hätte ich vom Almeria 68000 nie erwartet.} Rxc4 33. bxc4 Rd7 {Beachtenswert
war auch der Turmtausch mit 33...Td8-d2.} 34. Re2 Bc6 35. Rb2 f5 {Man sieht
nur schon rein optisch, dass Schwarz gewisse Fortschritte gemacht hat.} 36. Kg3
$6 {Sowohl 36.Ke1 als auch 36.Ke2 leisten mehr Widerstand.} f4+ {Macht zwar
den e-Bauer rückständig. Nur kann Weiss davon kaum profitieren, weil Weiss
die Aufstellung ...h6, ...g5, ...Kf5 nebst ...g4 nicht wird verhindern können.
} 37. Kf2 h6 38. Re2 {Es ist schwierig, für Weiss gute Züge vorzuschlagen.
Abwarten ist keine schlechte Strategie.} Rd1 $2 {Das bringt gar nichts.
Stattdessen war 38...g5 gut und richtig.} 39. Re1 $2 {Der Turmtausch macht die
Sache einfacher für Schwarz, was jedoch keinem der beiden Kämpen richtig
bewusst sein kann.} ({Mit} 39. Na7 Bd7 40. Nb5 {kann Weiss einfach stillhalten
und schauen, ob es Schwarz gelingt, Fortschritte zu machen.}) 39... Rxe1 40.
Kxe1 Ke7 $6 {Eine relativ nutzlose Fortsetzung, die nur unnötig Zeit verliert.
Mit sofort 40...g5 gelangt Schwarz auf den Gewinnpfad.} (40... g5 41. hxg5 hxg5
42. Kf2 (42. Nc3 g4 43. Ke2 gxf3+ 44. gxf3 Kd6 45. Nb1 Bd7 46. Nd2 Bf5 47. Kd1
Kc5 48. a3 a4) 42... Bxb5 43. cxb5 a4 44. Ke2 Kd5 45. Kd3 Kc5 46. Ke4 Kxb5 47.
Kxe5 Kb4 48. Kf5 Ka3 49. Kxg5 Kxa2 50. Kxf4 Kb2 $19 {und gewinnt}) 41. Ke2 Bd7
$6 {Fortsetzung der "indirekten" Gewinnführung.} 42. a3 Be6 43. Kd3 (43. c5 $4
{verliert sofort} Bc4+ 44. Kd2 Bxb5) 43... Bf5+ 44. Ke2 Kd7 45. Nc3 {Auch 45.
c5 rettet nicht mehr.} (45. c5 Kc6 46. Nd6 Kxc5 47. Nf7 Kd4 48. Nxh6 Be6 49.
Ng4 (49. a4 Bb3 $19) 49... a4 $1 50. Kd2 e4 51. Ke1 e3 52. Ke2 Kc3 53. g3 fxg3
54. Nxe3 Kb2 55. f4 Kxa3 56. f5 gxf5 57. h5 f4 58. Nc2+ Kb2 59. h6 Bf5 60. Nb4
a3 61. Nd3+ Kb1 62. Nb4 a2 63. Nxa2 Kxa2 $19) 45... Kd6 46. Ne4+ $2 {
Natürlich kann Weiss dieses Endspiel schon nicht mehr retten. Aber dass der
Almeria 68000 freiwillig in ein total verlorenes Bauernendspiel abwickeln
lässt, hat mich überrascht. Auf dem Niveau der beiden Kontrahenten hätte
Weiss dem Gegner mit 46.Sa4 das Leben schwer machen können, denn die
Gewinnführung verlangt hohes technisches Können.} (46. Na4 g5 47. hxg5 hxg5
48. Kd2 Kc6 49. Kc3 (49. Nb2 e4 50. Kc3 Bh7 51. fxe4 Bxe4 52. Nd3 Bxg2 53. Kd4
Kd6 54. c5+ Ke6 55. Nxf4+ gxf4 $19) 49... e4 50. Kd4 e3 51. Nc3 Bc2 52. Ne2 Bd1
53. Nc1 e2 54. Nd3 Bc2 55. Ne1 Bg6 56. c5 Kb5 57. Kd5 Be8 58. Nd3 Bc6+ 59. Kd4
Ka4 60. Kc3 Kxa3 61. Kd2 a4 62. Kxe2 Kb3 63. Kd2 a3 64. Nc1+ Kc4 65. Na2 Kxc5
66. Kc3 Bd5 67. Nb4 Bc4 68. Nc2 a2 69. Kb2 Bf1 70. Ne1 Kc4 71. Kxa2 Kc3 72. Kb1
Kd2 $19) 46... Kc6 $6 {Der soeben beim Almeria 68000 geäusserte Tadel gilt
nun auch dem Excel Mach III 68000, weil dieser offenbar ebenso wenig erkennt,
dass der Tausch des Läufers gegen den Springer zu einem einfach zu
gewinnenden Bauernendspiel für Schwarz führt.} (46... Bxe4 47. fxe4 Kc5 48.
Kd3 a4 49. Kc3 g5 50. Kd3 g4 51. Kc3 (51. Kd2 Kxc4 $19) 51... f3 $19) 47. Kd3
g5 48. hxg5 hxg5 49. Kd2 Bxe4 $1 {Jetzt scheint bei Schwarz die Erleuchtung
doch noch Einzug gehalten zu haben.} 50. fxe4 Kc5 51. g3 {Mit diesem Zug hält
Weiss am längsten aus, bis es Matt wird.} Kxc4 52. gxf4 gxf4 53. Ke2 a4 54.
Kd2 {***AUFGEGEBEN***} 0-1